[Event "4NCL Division Four"]
[Site "Warwick, ENG"]
[Date "2023.04.29"]
[Round "9.111"]
[White "Lim, Mark"]
[Black "Doherty, Paul"]
[Result "1/2-1/2"]
[WhiteElo "1768"]
[BlackElo "1820"]
[PlyCount "76"]
[EventDate "2023.04.29"]
[WhiteTeam "Cambridge University 3"]
[BlackTeam "Average Wood Pushers B"]

1. d4 d6 2. Nf3 Nf6 3. c4 Ne4 4. Nbd2 Nxd2 5. Bxd2 f5 6. Qc2 e6 7. e4 Be7 8.
exf5 exf5 9. Bd3 O-O 10. O-O Nc6 11. b4 Bf6 12. Bc3 Qe8 13. Bxf5 Qh5 14. Bxc8
Raxc8 15. Rae1 Ne7 16. d5 Ng6 17. Bxf6 Rxf6 18. Re6 Rxf3 19. Rxg6 hxg6 20. gxf3
Rf8 21. Qe4 Rxf3 22. Re1 Qg5+ 23. Kf1 Rf4 24. Qe6+ Kh7 25. Re3 Rxc4 26. Rg3 Qh5
27. a3 Rd4 28. Rh3 Rh4 29. Rxh4 Qxh4 30. Qc8 Qc4+ 31. Kg1 Qc1+ 32. Kg2 Qg5+ 33.
Kf1 Qxd5 34. Qxc7 Qb5+ 35. Kg1 d5 36. Qe7 Qc4 37. Qxb7 d4 38. Qe4 Qc1+ 1/2-1/2

[Event "4NCL Division Four"]
[Site "Warwick, ENG"]
[Date "2023.04.29"]
[Round "9.112"]
[White "Wong, Chun Hei"]
[Black "Breed, Greg J"]
[Result "1-0"]
[WhiteElo "1890"]
[BlackElo "1782"]
[PlyCount "63"]
[EventDate "2023.04.29"]
[WhiteTeam "Average Wood Pushers B"]
[BlackTeam "Cambridge University 3"]

1. d4 d5 2. c4 e6 3. Nc3 Nf6 4. cxd5 exd5 5. Bg5 Nbd7 6. e3 c6 7. Bd3 Bd6 8.
Qc2 O-O 9. Nge2 Re8 10. Bxh7+ Kh8 11. Bf5 Qa5 12. O-O-O Ne4 13. Bxe4 dxe4 14.
Bf4 Bxf4 15. Nxf4 Nf6 16. Kb1 Bg4 17. Rdf1 b5 18. h3 Be6 19. Nxe6 Rxe6 20. Rc1
Qb6 21. Rhd1 Rc8 22. Qb3 Re7 23. g4 Qb7 24. g5 Nd7 25. Na4 a5 26. Nc5 Nxc5 27.
Rxc5 a4 28. Qc2 Qa8 29. d5 Re5 30. d6 Rxc5 31. Qxc5 Rd8 32. d7 1-0

[Event "4NCL Division Four"]
[Site "Warwick, ENG"]
[Date "2023.04.29"]
[Round "9.113"]
[White "Kumar, Santosh"]
[Black "Chatterjee, Deepto"]
[Result "0-1"]
[WhiteElo "1400"]
[BlackElo "1673"]
[PlyCount "36"]
[EventDate "2023.04.29"]
[WhiteTeam "Cambridge University 3"]
[BlackTeam "Average Wood Pushers B"]

1. Nf3 Nf6 2. d3 g6 3. g3 d5 4. Bg2 Bg7 5. O-O c5 6. d4 cxd4 7. Nxd4 e5 8. Nb5
Be6 9. f4 Qb6+ 10. Kh1 Qxb5 11. fxe5 Ne4 12. Qd3 Qb6 13. Bxe4 dxe4 14. Qxe4 Bf5
15. Qa4+ Nc6 16. e4 Bh3 17. Re1 Qf2 18. Rg1 Qf3+ 0-1

[Event "4NCL Division Four"]
[Site "Warwick, ENG"]
[Date "2023.04.29"]
[Round "9.114"]
[White "Mitchell, Ian"]
[Black "Sharma, Rajeev"]
[Result "1-0"]
[WhiteElo "1628"]
[BlackElo "1250"]
[PlyCount "53"]
[EventDate "2023.04.29"]
[WhiteTeam "Average Wood Pushers B"]
[BlackTeam "Cambridge University 3"]

1. d4 d5 2. Nf3 Nf6 3. c4 dxc4 4. Nc3 a6 5. e3 b5 6. a3 e6 7. g3 Bd6 8. Bg2 O-O
9. Nd2 Ra7 10. O-O Nbd7 11. f4 Ne8 12. Qc2 f5 13. b3 cxb3 14. Nxb3 Bb7 15. Bxb7
Rxb7 16. Na5 Rb6 17. Qa2 Rf6 18. d5 Bc5 19. Nc6 Qa8 20. dxe6 Qxc6 21. exd7+ Re6
22. d8=Q Bxe3+ 23. Bxe3 Kf8 24. Bxb6 Qxb6+ 25. Qf2 Qc6 26. Qd5 Qxc3 27. Qxe6
1-0

[Event "4NCL Division Four"]
[Site "Warwick, ENG"]
[Date "2023.04.29"]
[Round "9.121"]
[White "Neatherway, A Philip"]
[Black "Ashton, Alannah"]
[Result "1/2-1/2"]
[WhiteElo "1797"]
[BlackElo "1396"]
[PlyCount "126"]
[EventDate "2023.04.29"]
[WhiteTeam "Oxford 4"]
[BlackTeam "She Plays to Win Young Stars"]

1. e4 c5 2. Nc3 Nc6 3. g3 g6 4. Bg2 Bg7 5. d3 e6 6. f4 d6 7. Nf3 Nge7 8. Be3
O-O 9. O-O Rb8 10. a4 b6 11. Qd2 Nd4 12. Bxd4 cxd4 13. Ne2 Nc6 14. c3 dxc3 15.
bxc3 Na5 16. Ra2 Qc7 17. Ned4 Qc5 18. Kh1 e5 19. fxe5 dxe5 20. Nb5 a6 21. d4
Qe7 22. Na3 exd4 23. cxd4 Bb7 24. d5 Qxe4 25. Ng5 Qxa4 26. d6 Bxg2+ 27. Qxg2
Rbd8 28. Nxf7 Rd7 29. Raf2 Qc6 30. Ng5 Qxg2+ 31. Kxg2 Rxf2+ 32. Rxf2 Rxd6 33.
Rc2 h6 34. Rc8+ Bf8 35. Ne4 Rc6 36. Ra8 Re6 37. Kf3 Kg7 38. Nc2 g5 39. Nd4 g4+
40. Kf4 Rg6 41. Ra7+ Kg8 42. Kf5 Rg7 43. Rxa6 Nc4 44. Ra8 Ne3+ 45. Kf4 Nd5+ 46.
Ke5 Nc7 47. Rb8 Re7+ 48. Kf5 Nd5 49. Nf6+ Nxf6 50. Kxf6 Rf7+ 51. Kg6 Rg7+ 52.
Kf5 Kf7 53. Ne6 Rg8 54. Rxb6 Be7 55. Rb7 h5 56. Nf4 Rg5+ 57. Ke4 Ke8 58. Nd5
Bc5 59. Nf6+ Kd8 60. Kf4 Rg6 61. Kf5 Rh6 62. Kg5 Be3+ 63. Kf5 Bg1 1/2-1/2

[Event "4NCL Division Four"]
[Site "Warwick, ENG"]
[Date "2023.04.29"]
[Round "9.122"]
[White "Mehta, Sophie"]
[Black "Cole, Graham"]
[Result "0-1"]
[WhiteElo "1391"]
[BlackElo "1725"]
[PlyCount "72"]
[EventDate "2023.04.29"]
[WhiteTeam "She Plays to Win Young Stars"]
[BlackTeam "Oxford 4"]

1. d4 Nf6 2. Bf4 g6 3. e3 Bg7 4. Nf3 O-O 5. Nbd2 d6 6. c3 Nbd7 7. Be2 b6 8. O-O
Bb7 9. Qc2 Qe8 10. Bb5 a6 11. Bxd7 Nxd7 12. e4 e5 13. Bg3 f6 14. h3 Qf7 15.
Rfe1 Rae8 16. d5 h6 17. c4 Bc8 18. b4 f5 19. Bh2 Nf6 20. Nb3 Nxe4 21. Nfd2 Nxd2
22. Qxd2 f4 23. Rac1 Bf6 24. a4 g5 25. f3 h5 26. Qe2 g4 27. fxg4 hxg4 28. hxg4
Qg6 29. c5 Bxg4 30. Qxa6 Bh4 31. cxb6 Bxe1 32. Rxe1 f3 33. gxf3 Bh3+ 34. Kf2
Qg2+ 35. Ke3 Rxf3+ 36. Ke4 Bf5# 0-1

[Event "4NCL Division Four"]
[Site "Warwick, ENG"]
[Date "2023.04.29"]
[Round "9.123"]
[White "Rumsby, Stephen"]
[Black "Wilson, Florence"]
[Result "0-1"]
[WhiteElo "1651"]
[BlackElo "1291"]
[PlyCount "80"]
[EventDate "2023.04.29"]
[WhiteTeam "Oxford 4"]
[BlackTeam "She Plays to Win Young Stars"]

1. e4 e5 2. Nf3 Nc6 3. Bb5 a6 4. Ba4 b5 5. Bb3 Nf6 6. O-O Bc5 7. d3 d6 8. c3
Bg4 9. Nbd2 Ne7 10. Qe1 Ng6 11. a4 O-O 12. h3 Bh5 13. Nh2 Nf4 14. Ndf3 Nxd3 15.
Qd2 Nf4 16. Qc2 Bg6 17. Bxf4 exf4 18. Qd2 Nxe4 19. Qxf4 Re8 20. Nh4 Bh5 21. Bd5
g5 22. Qf5 Ng3 23. Qd3 Nxf1 24. Bxa8 Qxa8 25. Nf5 Bxf2+ 26. Kxf2 Re2+ 27. Qxe2
Bxe2 28. Nxf1 Bxf1 29. Kxf1 Qe4 30. Nh6+ Kg7 31. Ng4 Qc2 32. axb5 Qxb2 33. Re1
Qxb5+ 34. Kf2 a5 35. Re3 a4 36. Kg3 f5 37. Re7+ Kf8 38. Rxc7 fxg4 39. Kxg4 Qe8
40. Kf3 a3 0-1

[Event "4NCL Division Four"]
[Site "Warwick, ENG"]
[Date "2023.04.29"]
[Round "9.124"]
[White "Sengupta, Sohana"]
[Black "Kocan, Barry A"]
[Result "0-1"]
[WhiteElo "1242"]
[BlackElo "1620"]
[PlyCount "92"]
[EventDate "2023.04.29"]
[WhiteTeam "She Plays to Win Young Stars"]
[BlackTeam "Oxford 4"]

1. e4 c5 2. Nf3 d6 3. d4 cxd4 4. Nxd4 Nf6 5. Nc3 g6 6. Be3 Bg7 7. Bc4 O-O 8. f3
Bd7 9. O-O Nc6 10. a3 a6 11. Qd2 Rc8 12. Bb3 Na5 13. Ba2 Nc4 14. Bxc4 Rxc4 15.
b3 Rc8 16. Rac1 h6 17. Nde2 Kh7 18. Nf4 g5 19. Nfe2 Qc7 20. Qd3 Kg8 21. Rfd1
Rfd8 22. f4 gxf4 23. Bxf4 e5 24. Bg3 Bc6 25. Bh4 Rd7 26. Ng3 Qb6+ 27. Kh1 Ng4
28. Nf5 f6 29. Qg3 h5 30. h3 Kf7 31. hxg4 hxg4 32. Nxd6+ Rxd6 33. Rxd6 Rg8 34.
Qxg4 Qe3 35. Ne2 Bxe4 36. Rd7+ Kf8 37. Rd8+ Kf7 38. Rxg8 Kxg8 39. Bxf6 Qh6+ 40.
Qh4 Qg6 41. Bg5 Bf6 42. Qg4 Bxg5 43. Qc8+ Kh7 44. Qd7+ Kh6 45. Re1 Qh5+ 46. Kg1
Be3+ 0-1

[Event "4NCL Division Four"]
[Site "Warwick, ENG"]
[Date "2023.04.29"]
[Round "9.125"]
[White "Matilal, Tamal"]
[Black "Scott, Jane"]
[Result "0-1"]
[WhiteElo "1354"]
[BlackElo "1132"]
[PlyCount "78"]
[EventDate "2023.04.29"]
[WhiteTeam "Oxford 4"]
[BlackTeam "She Plays to Win Young Stars"]

1. f4 Nf6 2. Nf3 g6 3. b3 Bg7 4. Bb2 d6 5. e4 O-O 6. e5 Nd5 7. g3 c5 8. c4 Nc7
9. Bg2 Nc6 10. O-O Ne6 11. d4 Nexd4 12. Nxd4 Nxd4 13. Bxd4 cxd4 14. Qxd4 dxe5
15. Qb2 exf4 16. Nc3 Qd4+ 17. Kh1 Qxc3 18. Qf2 fxg3 19. hxg3 Qa5 20. Rad1 Qh5+
21. Kg1 Bh3 22. Rd5 Qh6 23. Rfd1 Bxg2 24. Kxg2 Bf6 25. Rh1 Qg7 26. Qd2 e6 27.
Rd6 Rad8 28. c5 Be7 29. Rd7 Rxd7 30. Qxd7 Bxc5 31. Rd1 Qf6 32. Rd2 Qe7 33. Qb5
Bb6 34. Qe2 Rd8 35. Rc2 Qd6 36. Kh3 Qd3 37. Qg2 Qf5+ 38. g4 Rd3+ 39. Kh2 Qf4+
0-1

[Event "4NCL Division Four"]
[Site "Warwick, ENG"]
[Date "2023.04.29"]
[Round "9.131"]
[White "Gardner, Phillip K"]
[Black "Leszczynski, Taynara"]
[Result "1/2-1/2"]
[WhiteElo "1825"]
[BlackElo "1630"]
[PlyCount "103"]
[EventDate "2023.04.29"]
[WhiteTeam "Deaf England"]
[BlackTeam "She Plays To Win Uni"]

1. e4 c5 2. c3 d5 3. exd5 Qxd5 4. d4 e6 5. Nf3 Nf6 6. Bd3 cxd4 7. cxd4 Nc6 8.
O-O Bb4 9. Nc3 Qd8 10. Bg5 h6 11. Be3 O-O 12. h3 Ba5 13. Rc1 Kh8 14. Ne2 Nd5
15. Bd2 Bb6 16. Bc3 Nxc3 17. bxc3 Qf6 18. Bb1 Rd8 19. Qd3 g6 20. Qe3 Kg7 21.
Nf4 Bc7 22. Nd3 b6 23. Rfe1 Bb7 24. Nde5 Ne7 25. Be4 Nf5 26. Qe2 Bxe4 27. Qxe4
Nd6 28. Qe2 Nf5 29. Ng4 Qe7 30. Nfe5 Qd6 31. g3 h5 32. Ne3 Nxe3 33. Qxe3 Qd5
34. Re2 Bxe5 35. Qxe5+ Qxe5 36. Rxe5 Rd7 37. Kf1 Rc8 38. Ke2 Rxd4 39. Rc2 Rdc4
40. Re3 R8c5 41. Rd3 Ra4 42. Kd1 Rca5 43. Rdd2 Rf5 44. Rd3 Raa5 45. Ke2 Rfe5+
46. Re3 Rec5 47. Rd3 Ra3 48. Kd1 b5 49. Kc1 Rc4 50. Re3 h4 51. g4 Rca4 52. Kb1
1/2-1/2

[Event "4NCL Division Four"]
[Site "Warwick, ENG"]
[Date "2023.04.29"]
[Round "9.132"]
[White "Agarwal, Aditi"]
[Black "MacLeod, Alasdair"]
[Result "1/2-1/2"]
[WhiteElo "1578"]
[BlackElo "1819"]
[PlyCount "74"]
[EventDate "2023.04.29"]
[WhiteTeam "She Plays To Win Uni"]
[BlackTeam "Deaf England"]

1. Nf3 Nf6 2. g3 g6 3. Bg2 Bg7 4. d3 O-O 5. O-O d6 6. Nbd2 c6 7. e4 Bg4 8. h3
Bxf3 9. Nxf3 Nbd7 10. Re1 e5 11. c3 Qc7 12. Qc2 Rfe8 13. d4 h6 14. Be3 c5 15.
d5 b5 16. Nd2 Rf8 17. c4 b4 18. a4 a5 19. b3 Rae8 20. Nf3 Nh5 21. Nh4 Qd8 22.
Qe2 Kh7 23. Nf5 Ndf6 24. Nxg7 Nxg7 25. Qd2 Ng8 26. Kh2 f6 27. Rf1 Re7 28. h4
Ref7 29. Bh3 f5 30. f3 fxe4 31. fxe4 Rxf1 32. Rxf1 Rxf1 33. Bxf1 Qf6 34. Bh3
Qf3 35. Bg2 Qf6 36. Qf2 Qxf2 37. Bxf2 Nf6 1/2-1/2

[Event "4NCL Division Four"]
[Site "Warwick, ENG"]
[Date "2023.04.29"]
[Round "9.133"]
[White "Hunter, Gary"]
[Black "Ravi, Vash"]
[Result "1/2-1/2"]
[WhiteElo "1546"]
[BlackElo "1434"]
[PlyCount "74"]
[EventDate "2023.04.29"]
[WhiteTeam "Deaf England"]
[BlackTeam "She Plays To Win Uni"]

1. d4 d5 2. Nf3 Nf6 3. e3 Bg4 4. Bd3 e6 5. Nbd2 Bd6 6. O-O Nbd7 7. b3 Qe7 8.
Bb2 O-O-O 9. Qb1 h5 10. c4 c6 11. c5 Bc7 12. h3 e5 13. dxe5 Nxe5 14. Nxe5 Bxe5
15. Bxe5 Qxe5 16. b4 Qg5 17. f4 Qh4 18. Nf3 Qg3 19. Qe1 Qxe1 20. Raxe1 Bd7 21.
Ne5 Rdf8 22. a4 Ne4 23. Nxd7 Kxd7 24. Bxe4 dxe4 25. Rd1+ Kc7 26. f5 Rd8 27. h4
Rd3 28. Rxd3 exd3 29. Rd1 Rd8 30. Rd2 Rd5 31. g3 Kd7 32. Kg2 Ke7 33. Kf3 Kf6
34. Ke4 Rxf5 35. Rxd3 Re5+ 36. Kf4 Rf5+ 37. Ke4 Re5+ 1/2-1/2

[Event "4NCL Division Four"]
[Site "Warwick, ENG"]
[Date "2023.04.29"]
[Round "9.134"]
[White "Mohan, Meghana"]
[Black "Gibson, Stephen"]
[Result "1-0"]
[WhiteElo "1515"]
[BlackElo "1442"]
[PlyCount "83"]
[EventDate "2023.04.29"]
[WhiteTeam "She Plays To Win Uni"]
[BlackTeam "Deaf England"]

1. d4 b5 2. Nf3 e6 3. g3 Bb7 4. Bg2 c5 5. O-O Nf6 6. b3 d6 7. dxc5 dxc5 8.
Qxd8+ Kxd8 9. Bb2 Be7 10. Nbd2 Nbd7 11. c4 b4 12. Rfe1 h6 13. Rad1 Kc7 14. e4
Rad8 15. Ne5 Nxe5 16. Bxe5+ Kb6 17. Bb2 Ne8 18. a3 a5 19. axb4 axb4 20. e5 Nc7
21. Ne4 Bxe4 22. Bxe4 Na6 23. Ra1 Nc7 24. Ra2 Rb8 25. Rea1 Rhd8 26. Re1 Rd2 27.
Rea1 Rdd8 28. Kg2 Rd2 29. Bc1 Rxa2 30. Rxa2 Na6 31. Be3 Rd8 32. f4 Rd1 33. Rb2
Nb8 34. Bc2 Rd7 35. f5 exf5 36. Bxf5 Rd1 37. Bf4 Nc6 38. e6 Nd4 39. Bg4 Rd3 40.
exf7 Nxb3 41. Bf5 Rc3 42. Be5 1-0

[Event "4NCL Division Four"]
[Site "Warwick, ENG"]
[Date "2023.04.29"]
[Round "9.135"]
[White "Williamson, Chris"]
[Black "Shrivastava, Tia"]
[Result "0-1"]
[WhiteElo "1438"]
[BlackElo "1334"]
[PlyCount "164"]
[EventDate "2023.04.29"]
[WhiteTeam "Deaf England"]
[BlackTeam "She Plays To Win Uni"]

1. e4 e5 2. Nf3 Nc6 3. Bc4 h6 4. d3 Nge7 5. Nc3 d6 6. h3 Na5 7. Bb5+ Bd7 8. a4
c6 9. Bc4 Nxc4 10. dxc4 Be6 11. b3 Qa5 12. Bd2 Qb6 13. Be3 Qc7 14. c5 d5 15.
exd5 Bxd5 16. O-O Bxf3 17. Qxf3 f6 18. b4 Rd8 19. Ne4 Nd5 20. Qh5+ Qf7 21.
Qxf7+ Kxf7 22. c3 Nxe3 23. fxe3 Be7 24. Rf2 Rd3 25. Raf1 Rxe3 26. Nd6+ Bxd6 27.
cxd6 Rd3 28. Rf5 Ke6 29. R5f3 Rxf3 30. Rxf3 Kxd6 31. Rg3 g5 32. Rd3+ Kc7 33.
Rf3 Rf8 34. c4 a6 35. c5 b6 36. a5 bxc5 37. bxc5 f5 38. Rb3 Rb8 39. Re3 e4 40.
g4 fxg4 41. hxg4 Rb4 42. Rh3 e3 43. Rxe3 Rxg4+ 44. Kh2 Rc4 45. Re7+ Kb8 46.
Re8+ Kc7 47. Re7+ Kd8 48. Ra7 Rxc5 49. Rxa6 Kc7 50. Kg3 Rb5 51. Ra7+ Kb8 52.
Rh7 Rxa5 53. Rxh6 Kb7 54. Kg4 Kb6 55. Rh8 Rd5 56. Rh6 Kb5 57. Rh2 c5 58. Rb2+
Kc4 59. Kf3 Kc3 60. Rg2 c4 61. Ke4 Rd4+ 62. Kf5 Rd8 63. Ke6 Rd2 64. Rxg5 Kc2
65. Ke5 c3 66. Ke4 Kc1 67. Ke3 Kb1 68. Rc5 Kc2 69. Ra5 Rd8 70. Ke2 Kb3 71. Rb5+
Kc4 72. Rb7 Rd5 73. Rc7+ Kb3 74. Rb7+ Kc2 75. Ke3 Rd1 76. Ke2 Rb1 77. Rc7 Rb2
78. Rc4 Kb1+ 79. Kd3 c2 80. Rxc2 Rxc2 81. Kd4 Kb2 82. Kd3 Kb3 0-1

[Event "4NCL Division Four"]
[Site "Warwick, ENG"]
[Date "2023.04.29"]
[Round "9.136"]
[White "Brown, Stephanie"]
[Black "Paull, James"]
[Result "1-0"]
[WhiteElo "1267"]
[BlackElo "1421"]
[PlyCount "107"]
[EventDate "2023.04.29"]
[WhiteTeam "She Plays To Win Uni"]
[BlackTeam "Deaf England"]

1. d4 d5 2. c4 Nf6 3. cxd5 Qxd5 4. Nc3 Qd8 5. e4 e6 6. Bg5 Be7 7. Nf3 c6 8. a3
h6 9. Bh4 Nbd7 10. Be2 Nb6 11. O-O Nh7 12. Bxe7 Qxe7 13. e5 O-O 14. Qd2 Nd5 15.
Bd3 f5 16. Nxd5 cxd5 17. Rac1 Bd7 18. Rc7 b6 19. Bb5 Rfd8 20. Rfc1 Qe8 21. Bxd7
Rxd7 22. Qc3 Rxc7 23. Qxc7 Qf7 24. Qxf7+ Kxf7 25. Rc7+ Kg8 26. h4 Nf8 27. h5 a6
28. b4 a5 29. Rb7 axb4 30. axb4 g5 31. Rxb6 Ra7 32. b5 Kf7 33. Rc6 Rb7 34. b6
Nd7 35. Rc7 Rxc7 36. bxc7 Nb6 37. Nd2 Ke7 38. Nb3 Nc8 39. Nc5 Nb6 40. Nb7 Kd7
41. Nd6 Kxc7 42. Nf7 Nc8 43. Nxh6 Ne7 44. Nf7 g4 45. h6 Kd7 46. h7 Ng6 47. h8=Q
Nxh8 48. Nxh8 Kc6 49. Ng6 Kd7 50. Nf4 Ke7 51. Kh2 Kf7 52. Kg3 Ke7 53. Kh4 Kf7
54. Kg5 1-0

[Event "4NCL Division Four"]
[Site "Warwick, ENG"]
[Date "2023.04.29"]
[Round "9.141"]
[White "Dairi, Ramsey"]
[Black "Donaghay, Richard H"]
[Result "0-1"]
[WhiteElo "1578"]
[BlackElo "1803"]
[PlyCount "58"]
[EventDate "2023.04.29"]
[WhiteTeam "Watford B"]
[BlackTeam "Iceni 3"]

1. e4 g6 2. d4 d6 3. f4 Bg7 4. c3 Nf6 5. Bd3 Nbd7 6. Nf3 c5 7. O-O O-O 8. Na3
a6 9. Nc2 c4 10. Bxc4 Nxe4 11. Qe1 Ndf6 12. d5 b5 13. Bb3 Bb7 14. Ncd4 Nc5 15.
c4 Nd3 16. Qe2 Nxc1 17. Raxc1 bxc4 18. Bxc4 Nxd5 19. Qe4 e6 20. Nxe6 Qb6+ 21.
Ned4 Rae8 22. Qd3 Nxf4 23. Qb3 Bxd4+ 24. Nxd4 Qxd4+ 25. Rf2 d5 26. Qxb7 dxc4
27. Rcf1 Re2 28. Qf3 Rxf2 29. Rxf2 Nd3 0-1

[Event "4NCL Division Four"]
[Site "Warwick, ENG"]
[Date "2023.04.29"]
[Round "9.145"]
[White "Dairi, Mahmoud"]
[Black "Ryan, John"]
[Result "1/2-1/2"]
[WhiteElo "1291"]
[BlackElo "1520"]
[PlyCount "134"]
[EventDate "2023.04.29"]
[WhiteTeam "Watford B"]
[BlackTeam "Iceni 3"]

1. e4 c5 2. d4 cxd4 3. c3 dxc3 4. Nxc3 e6 5. Nf3 a6 6. Be3 d6 7. Be2 Nc6 8. O-O
Bd7 9. Rc1 Nf6 10. a3 Be7 11. Na4 O-O 12. Nb6 Rb8 13. Bd3 Ng4 14. Nxd7 Nxe3 15.
fxe3 Qxd7 16. Qc2 Ne5 17. Be2 Nxf3+ 18. Rxf3 Rfc8 19. Qb1 Rxc1+ 20. Qxc1 Rc8
21. Qb1 Qc7 22. Qd3 Qc1+ 23. Rf1 Qxb2 24. Rb1 Rc1+ 25. Rxc1 Qxc1+ 26. Bf1 Qc5
27. Qb3 b5 28. a4 bxa4 29. Qxa4 Qxe3+ 30. Kh1 Qb6 31. Qxa6 Qxa6 32. Bxa6 d5 33.
exd5 exd5 34. g4 g5 35. h3 Kg7 36. Bd3 h6 37. Kg2 Bd6 38. Kf3 Kf6 39. Ke3 Ke5
40. Bh7 d4+ 41. Kf3 Ba3 42. Bd3 Bc1 43. Bh7 Be3 44. Bd3 Kf6 45. Ke4 Kg7 46. Kf5
f6 47. Bc4 Bf4 48. Bd3 Be5 49. Bc4 Kf8 50. Kg6 Ke7 51. Kxh6 Kd6 52. Bd3 Kc5 53.
Kg6 Kb4 54. Kf5 Kc3 55. Ke4 Kd2 56. Ba6 Ke1 57. Kf3 Kd2 58. Ke4 Kc3 59. Bd3 Kd2
60. Ba6 Kc3 61. Bd3 Kb4 62. Kd5 Ka3 63. Ke4 Kb4 64. Kd5 Ka3 65. Ke4 Ka2 66. Kf3
Kb3 67. Ke2 Kc3 1/2-1/2

[Event "4NCL Division Four"]
[Site "Warwick, ENG"]
[Date "2023.04.29"]
[Round "9.146"]
[White "Rosenbach, Philip"]
[Black "Dairi, Daniella"]
[Result "1-0"]
[WhiteElo "903"]
[BlackElo "700"]
[PlyCount "51"]
[EventDate "2023.04.29"]
[WhiteTeam "Iceni 3"]
[BlackTeam "Watford B"]

1. c4 e5 2. g3 Nf6 3. Bg2 Bc5 4. Nc3 Ng4 5. Ne4 d6 6. e3 Nc6 7. Ne2 Bf5 8. d4
Bb4+ 9. Bd2 d5 10. cxd5 Qxd5 11. Nf6+ Nxf6 12. Bxd5 Nxd5 13. dxe5 Bxd2+ 14.
Qxd2 Ncb4 15. O-O O-O-O 16. a3 Nc2 17. Nd4 Nxa1 18. Rxa1 Bh3 19. Qa5 a6 20. e4
Ne7 21. Rc1 Rd7 22. f3 Re8 23. g4 Ng6 24. Rc5 b6 25. Qxa6+ Kd8 26. Nc6# 1-0

[Event "4NCL Division Four"]
[Site "Warwick, ENG"]
[Date "2023.04.29"]
[Round "9.151"]
[White "Punde, Aiyush"]
[Black "Shek, Daniel"]
[Result "0-1"]
[WhiteElo "550"]
[BlackElo "1608"]
[PlyCount "52"]
[EventDate "2023.04.29"]
[WhiteTeam "Cambridge University Y2"]
[BlackTeam "Crowthorne B"]

1. e4 c5 2. Nf3 Nc6 3. Nc3 g6 4. Bb5 Nd4 5. O-O Bg7 6. d3 a6 7. Bc4 d6 8. h3 e6
9. Nxd4 cxd4 10. Ne2 Ne7 11. Bg5 O-O 12. Qc1 Qc7 13. c3 b5 14. Bb3 dxc3 15.
Nxc3 Qd7 16. Re1 Bb7 17. Bh6 Rfc8 18. Re3 Bxh6 19. f4 Bxf4 20. Qf1 Bxe3+ 21.
Kh2 d5 22. Kg3 dxe4 23. dxe4 Rxc3 24. bxc3 Bxe4 25. Qf6 Nf5+ 26. Kg4 h5# 0-1

[Event "4NCL Division Four"]
[Site "Warwick, ENG"]
[Date "2023.04.29"]
[Round "9.152"]
[White "Leadbetter, Scott"]
[Black "Cann, Harriet"]
[Result "1-0"]
[WhiteElo "1549"]
[BlackElo "555"]
[PlyCount "25"]
[EventDate "2023.04.29"]
[WhiteTeam "Crowthorne B"]
[BlackTeam "Cambridge University Y2"]

1. d3 e5 2. Nf3 Nc6 3. c3 Nf6 4. e4 Bc5 5. b4 Bd6 6. Na3 O-O 7. Bg5 h6 8. Bh4
g5 9. Bg3 g4 10. Nh4 Nh5 11. Nf5 Kh7 12. Qxg4 Nf6 13. Qg7# 1-0

[Event "4NCL Division Four"]
[Site "Warwick, ENG"]
[Date "2023.04.29"]
[Round "9.153"]
[White "Wang, Luoling"]
[Black "Haslehurst, Harriet"]
[Result "0-1"]
[WhiteElo "603"]
[BlackElo "1530"]
[PlyCount "72"]
[EventDate "2023.04.29"]
[WhiteTeam "Cambridge University Y2"]
[BlackTeam "Crowthorne B"]

1. e4 d6 2. Nc3 e5 3. Nf3 Nf6 4. Nb5 Nxe4 5. d3 Nf6 6. d4 e4 7. Nd2 a6 8. Nc3
d5 9. b4 Bxb4 10. Bb2 Nc6 11. Be2 O-O 12. O-O Nxd4 13. Bh5 g5 14. Bg4 Nxg4 15.
h3 Nf6 16. Nb3 Nxb3 17. cxb3 d4 18. Ne2 d3 19. Ng3 Re8 20. a3 Ba5 21. b4 Bb6
22. Re1 Bd4 23. Qd2 b5 24. Re3 Bxe3 25. Re1 Bxd2 26. Rd1 Bf4 27. Bc1 Bxc1 28.
Rxc1 d2 29. Rb1 d1=Q+ 30. Rxd1 Qxd1+ 31. Kh2 e3 32. fxe3 Rxe3 33. Nh1 Qd6+ 34.
Kg1 Ne4 35. Kf1 Qf4+ 36. Kg1 Re1# 0-1

[Event "4NCL Division Four"]
[Site "Warwick, ENG"]
[Date "2023.04.29"]
[Round "9.45"]
[White "Cranston, Adam"]
[Black "Bradley, William"]
[Result "1/2-1/2"]
[WhiteElo "1654"]
[BlackElo "1831"]
[PlyCount "44"]
[EventDate "2023.04.29"]
[WhiteTeam "Celtic Tigers 3"]
[BlackTeam "War and Piece B"]

1. d4 Nf6 2. Bf4 g6 3. Nc3 Bg7 4. e4 d6 5. Qd2 O-O 6. O-O-O Nbd7 7. Nf3 c5 8.
dxc5 Nxc5 9. e5 Ne8 10. Bh6 Qa5 11. h4 Bg4 12. Bxg7 Nxg7 13. exd6 Rad8 14. Qf4
Bxf3 15. Qxf3 Rxd6 16. Rxd6 exd6 17. Bc4 a6 18. a3 b5 19. Ba2 b4 20. axb4 Qxb4
21. Nd5 Qa4 22. Kb1 Nce6 1/2-1/2

[Event "4NCL Division Four"]
[Site "Warwick, ENG"]
[Date "2023.04.29"]
[Round "9.48"]
[White "O'Byrne, Daniel"]
[Black "Valle, Frank"]
[Result "1/2-1/2"]
[WhiteElo "1682"]
[BlackElo "1596"]
[PlyCount "92"]
[EventDate "2023.04.29"]
[WhiteTeam "War and Piece B"]
[BlackTeam "Celtic Tigers 3"]

1. e4 c5 2. Nf3 d6 3. d4 cxd4 4. Nxd4 Nf6 5. Nc3 a6 6. f3 e6 7. Be3 Be7 8. Qd2
Nc6 9. Be2 O-O 10. O-O-O d5 11. exd5 Nxd5 12. Nxd5 Qxd5 13. c4 Qd6 14. a3 Bf6
15. Qc3 Rd8 16. Nxc6 Qxc6 17. Rxd8+ Bxd8 18. Bd4 f6 19. Bd3 e5 20. Bf2 Be6 21.
b3 Rc8 22. Kb2 b5 23. c5 f5 24. Qc2 g6 25. Rd1 Be7 26. b4 Qd5 27. Kb1 Qc6 28.
Bg3 Bf6 29. Re1 Qd5 30. Rd1 Qa8 31. Re1 Qd5 32. Rd1 Qa8 33. Be2 Rd8 34. Rxd8+
Qxd8 35. Qd1 Qc7 36. Qd6 Qxd6 37. cxd6 Kf8 38. a4 Bd7 39. Ka2 Kf7 40. Bf2 Ke6
41. Bc5 Bg7 42. Bd1 bxa4 43. Ka3 Bf8 44. Bxa4 Bxd6 45. Bb3+ Ke7 46. Bg8 Bxc5
1/2-1/2

[Event "4NCL Division Four"]
[Site "Warwick, ENG"]
[Date "2023.04.29"]
[Round "9.51"]
[White "Rigby, Charles"]
[Black "Nawalaniec, Leszek"]
[Result "0-1"]
[WhiteElo "1489"]
[BlackElo "1498"]
[PlyCount "73"]
[EventDate "2023.04.29"]
[WhiteTeam "Celtic Tigers 3"]
[BlackTeam "War and Piece B"]

1. d4 Nf6 2. Bf4 c5 3. e3 e6 4. Nf3 d5 5. Nbd2 Nc6 6. c3 cxd4 7. exd4 Bd6 8.
Ne5 Qc7 9. Ndf3 Nd7 10. Bb5 O-O 11. Qe2 a6 12. Bd3 Ndxe5 13. dxe5 Bc5 14. Ng5
g6 15. h4 f6 16. h5 Nxe5 17. Bxe5 Qxe5 18. Qxe5 fxe5 19. f3 Be3 20. hxg6 Bxg5
21. gxh7+ Kg7 22. Rh5 Bf6 23. Ke2 e4 24. fxe4 dxe4 25. Bxe4 e5 26. Ke3 Rh8 27.
g4 Be7 28. Rg1 Bc5+ 29. Ke2 Bxg1 30. Rxe5 Bxg4+ 31. Kf1 Be3 32. Bd5 Raf8+ 33.
Ke1 Re8 34. Rxe8 Rxe8 35. Bg8 Bc1+ 36. Kf2 Bxb2 37. c4 0-1

[Event "4NCL Division Four"]
[Site "Warwick, ENG"]
[Date "2023.04.29"]
[Round "9.47"]
[White "Ross, David C"]
[Black "Deacon, David J"]
[Result "0-1"]
[WhiteElo "1695"]
[BlackElo "1854"]
[PlyCount "92"]
[EventDate "2023.04.29"]
[WhiteTeam "War and Piece B"]
[BlackTeam "Wessex Some Stars B"]

1. e4 c5 2. Nc3 e6 3. g3 Nc6 4. Bg2 g6 5. d3 Bg7 6. Be3 Nd4 7. Qc1 Ne7 8. Nce2
d5 9. c3 Nxe2 10. Nxe2 d4 11. cxd4 cxd4 12. Bh6 Qa5+ 13. Kf1 Qe5 14. Bxg7 Qxg7
15. h4 e5 16. Qc7 Qf6 17. Bh3 O-O 18. Kg2 Bxh3+ 19. Rxh3 Rfc8 20. Qd7 Rc2 21.
Qg4 h5 22. Qf3 Qxf3+ 23. Kxf3 Rxb2 24. Rc1 Nc6 25. Rc5 f6 26. Nc1 Kf7 27. Rh2
Rc8 28. g4 hxg4+ 29. Kxg4 Ne7 30. Rxc8 Nxc8 31. h5 gxh5+ 32. Rxh5 Ne7 33. f4
exf4 34. Nb3 Kg6 35. Rh3 Nc6 36. Kxf4 Rxa2 37. Rg3+ Kf7 38. Rh3 b6 39. Kf5 Ne7+
40. Kf4 Nc6 41. Kf5 Rf2+ 42. Kg4 Ne5+ 43. Kh5 Rg2 44. Nxd4 Rg5+ 45. Kh6 Rg8 46.
Kh7 Ng6 0-1

[Event "4NCL Division Four"]
[Site "Warwick, ENG"]
[Date "2023.04.29"]
[Round "9.50"]
[White "Cuthbert, Larissa"]
[Black "Blair, Jimmy"]
[Result "1/2-1/2"]
[WhiteElo "1536"]
[BlackElo "1499"]
[PlyCount "35"]
[EventDate "2023.04.29"]
[WhiteTeam "Wessex Some Stars B"]
[BlackTeam "War and Piece B"]

1. d4 b6 2. e4 d6 3. Nc3 e6 4. Nf3 Nd7 5. Bc4 g6 6. h4 h6 7. Be3 Bg7 8. Qd2 Bb7
9. O-O-O a6 10. Qe2 Ne7 11. a3 b5 12. Ba2 Nb6 13. Nd2 Qd7 14. f4 O-O-O 15. Nf3
Kb8 16. Qd2 d5 17. e5 Nc6 18. Qe2 1/2-1/2